Responses for show #4736 - Monday, March 21, 2005

2005 Ultimate Tournament of Champions Round 1, game 29.

Contestants

Shane Whitlock, a resident physician from Little Rock, Arkansas

John Ryan, a corporate controller from Richmond, California

Lynne Wexler, a librarian from Evanston, Illinois

Jeopardy! Round responses

NATIONAL HISTORIC SITES
HELLO, BB
(Alex: Each response is a word that can be abbreviated "BB".)
I'LL HAVE A SUB TO GO
A SIDE OF BEANS
YOU COULD HURT SOMEONE
SKI
    $200 2
Central High

Shane
    $200 1
bareback

John
    $200 9
U-boats

Shane
    $200 17
your brain

Shane
    $200 25
a whip

Lynne
    $200 14
herringbone

John
    $400 3
Pennsylvania Avenue

Shane
    $400 7
a bail bond

Shane
    $400 12
a Yellow Submarine

John
    $400 21
Boston

Shane
    $400 26
a SWAT team

Lynne
    $400 18
(Shane: What is slalom?)

freestyle skiing

Shane
Triple Stumper
    $600 4
Tuskegee

John
    $600 8
B'nai B'rith

Lynne
    $600 13
the Nautilus

Shane
    $600 22
string bean (or beanpole)

Lynne
    $600 27
a clothesline

John
    $600 19
(John: What is schuss?)

chattering

John
Triple Stumper
    $800 5
Carl Sandburg

John
    $800 10
Barbados

John
    $800 15
Twenty Thousand Leagues Under the Sea (by Jules Verne)

Triple Stumper
    $800 23
tofu

John
    $800 28
a slash

Lynne
    $800 20
Gerald Ford

John
    $1000 6
the Transcontinental Railroad

John
    $1000 11
ball bearings

Lynne
    $2,000 16
(John: I don't remember.)
(Alex: What is [*]? They just pulled it out of Charleston Harbor about a year and a half ago.)

the Hunley

John
    $1000 24
Alan Bean

Lynne
    $1000 29
club

Triple Stumper
    $1000 30
(Shane: What is Christiana?)
...
(Alex: You're gonna hate us for this, Shane. It's [*]. Nia, not christiana.)

christiania

Shane
Triple Stumper

Scores at the first commercial break (after clue 15):

Lynne John Shane
$1,600 $4,000 $1,800

Scores at the end of the Jeopardy! Round:

Lynne John Shane
$4,600 $3,600 $1,000

Double Jeopardy! Round responses

THEOLOGIANS
OSCAR-WINNING SONGS
SHAKESPEAREAN CROSSWORD CLUES "M"
(Alex: As used by the FAA and NATO...)
THE RADIO ALPHABET
ELECTORAL COLLEGE SCHOLARSHIP
-SKI
    $400 1
Luther

Shane
    $400 14
Beauty and the Beast

Lynne
    $400 7
Montague

Shane
    $400 13
Quebec

Lynne
    $400 5
Franklin Roosevelt

John
    $400 24
(Shane: Who is, um... Janikowski?)

Ron Jaworski

Shane
Triple Stumper
    $800 2
(Thomas) Aquinas

Shane
    $800 15
(Shane: What is "Singin' In The Rain"?)
(Lynne: What is "Raindrops Are Fallin' On My Head"?)

"Raindrops Keep Fallin' On My Head"

LynneJohnShane
    $800 9
Moth

Lynne
    $800 19
November

John
    $800 6
Dewey

Lynne
    $800 25
Crazy Horse

Shane
    $1200 3
Knox

Shane
    $1200 21
Eminem

Shane
    $1200 10
(John: What is Malta?)

Milan

JohnShane
    $1200 20
echo

Lynne
    $1200 16
Lincoln

Shane
    $1200 26
Pulaski

Shane
    $1600 4
John Calvin

John
    $1600 29
(Lynne: What's "The Impossible Dream"?)

"The Windmills Of Your Mind"

Lynne
Triple Stumper
    $3,000 11
(Alex: "Lay on, [*]!")

Macduff

Shane
    $1600 22
whiskey

Shane
    $1600 17
Cleveland

Shane
    $1600 27
Jerzy Kosiński

John
    $2,000 8
(Shane: Who is Mather?)

Roger Williams (from Providence, Rhode Island)

Shane
    $2000 30
"I'm Easy"

Lynne
    $2000 12
Mistress

Lynne
    $2000 23
tango & foxtrot

Shane
    $2000 18
Hayes

Shane
    $2000 28
Paderewski

Shane

Scores at the end of the Double Jeopardy! Round:

Lynne John Shane
$9,800 $7,600 $18,400

[wagering suggestions for these scores]

Final Jeopardy! Round responses

WORLD FACTS
(Alex: A number of the male leaders were removed from office and charged with crimes.)
...
(Alex: John, you put in that extra "C". It's not just a spelling mistake, it also turns it into a different word.)
JohnWhat is Pictcairn Island?
$7,600
LynneWhat is Pitcairn?
$9,800
ShaneWhat is Pitcairn?
$2,000
Pitcairn Island

Final scores:

Lynne John Shane
$19,600 $0 $20,400
2nd place: $5,000 3rd place: $5,000 Winner: $20,400 + an advance to UToC Round 2

Game dynamics:

Coryat scores:

Lynne John Shane
$9,800 $9,600 $19,000
14 R,
2 W
15 R,
3 W
(including 1 DD)
22 R
(including 1 DD),
5 W
(including 1 DD)

Combined Coryat: $38,400

The J! Archive is created by fans, for fans. The Jeopardy! game show and all elements thereof, including but not limited to copyright and trademark thereto, are the property of Jeopardy Productions, Inc. and are protected under law. This website is not affiliated with, sponsored by, or operated by Jeopardy Productions, Inc. Join the discussion at JBoard.tv.